Kapitálová struktura společnosti
Pri napĺňaní strategických cieľov je manažment súčasných spoločností nútený hľadať ideálny pomer medzi cudzím a vlastným kapitálom tak, aby dosiahli najlacnejšie náklady na použitý kapitál. Obsahové vymedzenie vlastného a cudzieho kapitálu. Porovnanie vlastného a cudzieho kapitálu. Pohľad investora...
Salvato in:
| Autore principale: | |
|---|---|
| Natura: | Capitolo di libro |
| Lingua: | ceco |
| Soggetti: | |
| Tags: |
Nessun Tag, puoi essere il primo ad aggiungerne!!
|
MARC
| LEADER | 00000naa$a2200000$$$4500 | ||
|---|---|---|---|
| 001 | 0008998 | ||
| 005 | 20231106121513.5 | ||
| 041 | 0 | |a cze | |
| 044 | |a CZ | ||
| 245 | 1 | 0 | |a Kapitálová struktura společnosti |c aut. Emil Vacík |
| 520 | |a Pri napĺňaní strategických cieľov je manažment súčasných spoločností nútený hľadať ideálny pomer medzi cudzím a vlastným kapitálom tak, aby dosiahli najlacnejšie náklady na použitý kapitál. Obsahové vymedzenie vlastného a cudzieho kapitálu. Porovnanie vlastného a cudzieho kapitálu. Pohľad investora. Finančné páky a pákový efekt (financial leverage). Výhody a nevýhody pri financovaní cudzím kapitálom. Hľadanie optimálnej štruktúry kapitálu. | ||
| 610 | 2 | 0 | |a financovanie podnikov |
| 610 | 2 | 0 | |a zdroje finančné cudzie |
| 610 | 2 | 0 | |a zdroje finančné vlastné |
| 610 | 2 | 0 | |a štruktúra kapitálová |
| 610 | 2 | 0 | |a spoločnosti |
| 610 | 2 | 0 | |a manažment |
| 610 | 2 | 0 | |a náklady |
| 610 | 2 | 0 | |a investori |
| 100 | 1 | |a Vacík, Emil | |